000 00938nam a22002657a 4500
999 _c65043
_d65043
005 20240530110804.0
008 190224s2018 ua g 000 0dara d
017 _a2016/14605
_bمصر. دار الكتب
020 _a9789779207339
040 _aEG-CaGPL
_cEG-CaGPL
082 0 4 _221
_a921.4/
_bم م
100 1 _aميلز، سارة
245 1 0 _aميشيل فوكو /
_cتاليف سارة ميلز ؛ ترجمة على الغفارى
250 _aط.1
260 _aالقاهرة :
_bالمركز القومى للترجمة ،
_c2018.
300 _a207 ص. ؛
_c24 سم.
490 0 _aالمركز القومى للترجمة ؛
_v2977.
600 1 _aفوكو، ميشيل
650 0 7 _2qrmak
_aالفلاسفة الفرنسين
_vتراجم
650 0 7 _2qrmak
_aالرجال
_vتراجم
651 _2qrmak
700 0 _aعلى الغفارى
_eمترجم
942 _2ddc
_cBK